Informe sobre los depósitos de guano de Mejillones presentado al señor Ministro de Hacienda por Don Luis Larroque, Injeniero de minas, comisionado al efecto por el Gobierno
Saved in:
| Main Author: | |
|---|---|
| Format: | Book |
| Language: | Spanish |
| Published: |
Santiago
Imprenta Nacional, calle de la Moneda, Núm. 46
1863
|
| Edition: | 1a. ed |
| Subjects: | |
| Tags: |
Add Tag
No Tags, Be the first to tag this record!
|
MARC
| LEADER | 00000nam a2200000 a 4500 | ||
|---|---|---|---|
| 001 | UCJ3163 | ||
| 003 | CL-VaPUC | ||
| 008 | 070124e18630700CL |||||||||||||||||spa|d | ||
| 082 | 0 | 4 | |a 983 |b LAR |2 21 |
| 100 | 0 | |a Larroque, Luis |e author |9 504739 | |
| 245 | 1 | 0 | |a Informe sobre los depósitos de guano de Mejillones presentado al señor Ministro de Hacienda por Don Luis Larroque, Injeniero de minas, comisionado al efecto por el Gobierno |
| 250 | |a 1a. ed | ||
| 300 | |a 187 p | ||
| 942 | |c BK | ||
| 945 | |d 20070124 00:00:00 |a rinostro | ||
| 260 | |a Santiago |b Imprenta Nacional, calle de la Moneda, Núm. 46 |c 1863 | ||
| 500 | |a Advierte errata. La copia 1 se encuentra empastada junto a otras cinco monografías relativas al tema de los límites con Bolivia, en un volumen rotulado Límites entre Chile i Bolivia, 983 AMU. Fuera de texto, cuatro planos ilustran acerca de la ubicación y estructura de las covaderas de Mejillones. La c. 2 se encuentra separada | ||
| 650 | 0 | |a Historia de Chile |9 265473 | |
| 650 | 0 | |a Fertilizantes |9 262833 | |
| 650 | 7 | |a COVADERAS |2 CL-VaPUC |9 504209 | |
| 650 | 7 | |a GUANO |2 CL-VaPUC |9 362274 | |
| 650 | 7 | |a CONTROVERSIAS LIMITROFES |2 CL-VaPUC |9 504210 | |
| 650 | 7 | |a LIMITES CON BOLIVIA |2 CL-VaPUC |9 504189 | |
| 650 | 0 | |a Concesiones mineras |9 256334 | |
| 650 | 7 | |a PLANOS |2 CL-VaPUC |9 260106 | |
| 650 | 0 | |a Ilustraciones |9 369481 | |
| 650 | 7 | |a DOCUMENTOS |2 CL-VaPUC |9 366450 | |
| 650 | 7 | |a FUENTES |2 CL-VaPUC |9 255666 | |
| 651 | 7 | |a MEJILLONES |2 CL-VaPUC |9 324317 | |
| 651 | 7 | |a CHILE |2 CL-VaPUC |9 504740 | |
| 651 | 0 | |a Bolivia |9 255454 | |
| 583 | |a last modification |c 20070124 00:00:00 |k Rodrigo Vera | ||
| 999 | |c 319285 |d 319283 | ||
| 952 | |0 0 |1 0 |4 0 |6 983_000000000000000_LAR_1863 |7 0 |8 X |9 397566 |a FDOBUD |b FDOBUD |d 2019-11-22 |i 1023446 |o 983 LAR 1863 |p 1023446 |r 2019-11-22 |w 2019-11-22 |y BK_X |k BUD | ||
| 952 | |0 0 |1 0 |4 0 |6 983_000000000000000_LAR_1863 |7 0 |8 X |9 397567 |a FDOBUD |b FDOBUD |d 2019-11-22 |i 1068628 |o 983 LAR 1863 |p 1068628 |r 2019-11-22 |w 2019-11-22 |y BK_X |k BUD | ||